[Event "CONPET Cup 2010"]
[Site "Ploiesti ROU"]
[Date "2010.10.23"]
[Round "1.3"]
[White "Telea,S"]
[Black "Gorea,A"]
[Result "1-0"]
[WhiteElo "2157"]
[BlackElo "1766"]

1.d4 e6 2.c4 Nf6 3.Nf3 b6 4.Nc3 Bb7 5.a3 d5 6.cxd5 Nxd5 7.Qa4+ c6 8.e4 Nxc3
9.bxc3 Be7 10.Bd3 O-O 11.O-O Qc7 12.Be3 Nd7 13.Rfd1 Nf6 14.c4 Ng4 15.Bc1 f5
16.exf5 exf5 17.h3 Nh6 18.Bxh6 gxh6 19.Qc2 Bc8 20.Qd2 Qd6 21.a4 Qf6 22.a5 Rb8
23.axb6 axb6 24.Ra7 Rf7 25.Qf4 Rb7 26.Ra8 Rf8 27.Ne5 Bd6 28.Re1 Re7 29.Qf3 c5
30.Rb1 Bxe5 31.dxe5 Rxe5 32.Kh2 Qd6 33.Rxb6 Qc7 34.Rc6 Qb7 35.Rcxc8 Qxf3
36.Rxf8+ Kg7 37.Rg8+ Kf7 38.Raf8+ Ke7 39.gxf3  1-0

[Event "Lichtenrader Herbst"]
[Site "Berlin GER"]
[Date "2010.10.24"]
[Round "9"]
[White "Kirchhof,A"]
[Black "Major,Vitalij"]
[Result "1-0"]
[WhiteElo "2040"]
[BlackElo "2157"]

1.d4 Nf6 2.c4 e6 3.Nc3 b6 4.Nf3 Bb4 5.Qb3 Bxc3+ 6.Qxc3 Ne4 7.Qc2 Bb7 8.e3 O-O
9.Bd3 f5 10.O-O d6 11.Nd2 Nxd2 12.Bxd2 Nd7 13.f3 Qh4 14.Bc3 Qh5 15.e4 f4
16.c5 dxc5 17.Bc4 Rf6 18.Qd2 Raf8 19.d5 Rh6 20.g4 fxg3 21.dxe6 g2 22.Qxg2 Rg6
23.e7+ Kh8 24.exf8=Q+ Nxf8 25.Rf2 h6 26.Kh1 Rxg2 27.Rxg2 Qxf3 28.Rf1 Qxf1+
29.Bxf1 Bxe4 30.Bxg7+  1-0

[Event "14th OIBM"]
[Site "Bad Wiessee GER"]
[Date "2010.10.30"]
[Round "1.33"]
[White "Bolte,C"]
[Black "Pezerovic,E"]
[Result "1/2-1/2"]
[WhiteElo "1987"]
[BlackElo "2455"]

1.d4 Nf6 2.Nf3 e6 3.c4 b6 4.Nc3 Bb7 5.Qc2 d5 6.b3 Be7 7.e3 O-O 8.Be2 c5 9.O-O Nc6
10.Rd1 Qc7 11.Bb2 Rad8 12.Rac1 cxd4 13.Nb5 Qb8 14.Nbxd4 Nxd4 15.Bxd4 dxc4
16.Qxc4 Rc8 17.Qa4 Rxc1 18.Rxc1 Ng4 19.g3 h5 20.Qd7 Bd6 21.Ng5 Nf6 22.Bxf6 gxf6
23.Nf3 Rd8 24.Qa4 Qa8 25.Ne1 Be5 26.Bxh5 Kf8 27.Qb4+ Bd6 28.Qb5 Ke7 29.Qe2 Rc8
30.Rd1 Bb4 31.Qb5 Bd6 32.Qe2 Rc5 33.Bf3 Bxf3 34.Nxf3 Qe4 35.Ne1 Qc6 36.h4 a5
37.Qb2 Be5 38.Qd2 Qc7 39.Qe2 Bc3 40.Nd3 Rc6 41.a4 f5 42.Rc1 Bf6 43.Rxc6 Qxc6
44.Qd2 Qd5 45.Qc2 Kf8 46.Nf4 Qf3 47.Qd3 Qc6 48.Nh5 Be7 49.Qd4 Ke8 50.Nf6+ Bxf6
51.Qxf6 Qc1+ 52.Kg2 Qc6+ 53.Kg1 Qc2 54.Qh8+ Ke7 55.h5 Qxb3 56.h6 Qd1+ 57.Kg2 Qd5+  1/2-1/2

[Event "Chigorin Mem Classic Open"]
[Site "St Petersburg RUS"]
[Date "2010.10.30"]
[Round "3"]
[White "Dushin,N"]
[Black "Usseinov,Chingis"]
[Result "0-1"]
[WhiteElo "2064"]
[BlackElo "1775"]

1.d4 Nf6 2.c4 e6 3.Nf3 b6 4.Nc3 Bb4 5.Bg5 Bb7 6.e3 h6 7.Bh4 O-O 8.a3 Bxc3+
9.bxc3 d6 10.Nd2 Nbd7 11.Qc2 Rc8 12.f3 c5 13.Be2 Qc7 14.Qb3 Rfe8 15.O-O cxd4
16.cxd4 e5 17.Rfe1 Re6 18.Bf1 exd4 19.exd4 Rce8 20.Rxe6 Rxe6 21.Re1 Rxe1
22.Bxe1 d5 23.Bg3 Qc6 24.h3 Nf8 25.Bd3 Ne6 26.Be5 Nd7 27.cxd5 Qxd5 28.Bc4 Nxd4
29.Bxd5 Nxb3 30.Bxb7 Nxd2 31.Bd6 Nc4 32.Bb4 a5 33.Be7 Nc5 34.Bd5 Nxa3 35.Bd8 Nd7
36.Bc6 Ne5 37.Bd5 Nec4 38.Kf2 b5 39.Ke2 b4 40.Kd3 b3 41.Kc3 a4 42.Be7 Ne3
43.Bc6 Nac4 44.Bxa4 b2 45.Bc2 Nxc2 46.Kxc2 Ne3+ 47.Kxb2 Nxg2 48.Kc3 Nf4  0-1

[Event "Chigorin Mem Classic Open"]
[Site "St Petersburg RUS"]
[Date "2010.11.04"]
[Round "8"]
[White "Neverov,V"]
[Black "Rjabzev,K"]
[Result "1-0"]
[WhiteElo "2519"]
[BlackElo "2294"]

1.d4 Nf6 2.c4 e6 3.Nf3 b6 4.Nc3 Bb7 5.e3 Bb4 6.Bd3 Ne4 7.O-O Bxc3 8.bxc3 O-O
9.Ne1 f5 10.f3 Nf6 11.Nc2 c5 12.Qe2 Nc6 13.e4 fxe4 14.fxe4 e5 15.Bg5 cxd4
16.cxd4 d6 17.d5 Na5 18.Ne3 Bc8 19.Rf3 a6 20.Raf1 Ra7 21.Bxf6 Rxf6 22.Rxf6 gxf6
23.Qf2 Rf7 24.Be2 Nb7 25.Bg4 Kh8 26.Be6 Rf8 27.Nf5 Nc5 28.Bxc8 Qxc8 29.Qh4 Qd8
30.Rf3 b5 31.Rg3 Qb6 32.Rg8+  1-0

[Event "TCh-NOR Attack-serien 2010-11"]
[Site "Oslo NOR"]
[Date "2010.11.06"]
[Round "2"]
[White "Glenne,BE"]
[Black "Stenersen,G"]
[Result "1/2-1/2"]
[WhiteElo "2165"]
[BlackElo "2228"]

1.d4 Nf6 2.c4 e6 3.Nf3 b6 4.Nc3 Bb4 5.Bg5 Bb7 6.e3 h6 7.Bxf6 Bxc3+ 8.bxc3 Qxf6
9.Be2 d6 10.O-O Nd7 11.Qa4 Ke7 12.Rad1 Rhd8 13.Ne1 e5 14.f4 exf4 15.Rxf4 Qe6
16.Nc2 Be4 17.Rxe4 Qxe4 18.Bf3 Qg6 19.Nb4 Rdc8 20.Nd5+ Kd8 21.Nf4 Qf5 22.Bxa8 Rxa8
23.Qc6 Rc8 24.Rf1 Nf6 25.Nd5 Qe4 26.Rf4 Qb1+ 27.Rf1 Qe4 28.Rf4 Qb1+ 29.Kf2 Ne4+
30.Kf3 Ng5+ 31.Kg4 Qg6  1/2-1/2

[Event "XXIII Belgrade Trophy"]
[Site "Obrenovac SRB"]
[Date "2010.11.27"]
[Round "4.71"]
[White "Arandjelovic,D"]
[Black "Radosavljevic,D"]
[Result "1-0"]
[WhiteElo "2056"]
[BlackElo "1851"]

1.d4 Nf6 2.c4 e6 3.Nc3 b6 4.Nf3 Bb7 5.e3 Be7 6.Bd3 d5 7.cxd5 exd5 8.O-O O-O
9.Qc2 Ba6 10.Ne5 Bxd3 11.Qxd3 c6 12.Bd2 Nfd7 13.Nf3 Nf6 14.Ne5 Nfd7 15.Nf3 f5
16.Rac1 g6 17.Ne2 Nf6 18.Ne5 Qd6 19.a3 a5 20.b4 Ne4 21.Be1 axb4 22.axb4 Ra2
23.f3 Ng5 24.Rb1 Nd7 25.Bg3 Nxe5 26.Bxe5 Rfa8 27.Rfc1  1-0

[Event "XXIII Belgrade Trophy"]
[Site "Obrenovac SRB"]
[Date "2010.12.01"]
[Round "8.64"]
[White "Lakicevic,B"]
[Black "Radosavljevic,D"]
[Result "1-0"]
[WhiteElo "2027"]
[BlackElo "1851"]

1.d4 Nf6 2.c4 e6 3.Nc3 b6 4.Nf3 Bb7 5.g3 Bb4 6.Bg2 Ne4 7.Qc2 O-O 8.O-O d5
9.Nxe4 dxe4 10.Ng5 h6 11.Bxe4 Bxe4 12.Qxe4 hxg5 13.Qxa8 Qxd4 14.Qxa7 Qxc4
15.Bxg5 Bd6 16.b3 Qb5 17.Be3 Qxe2 18.Qa4 b5 19.Qe4 Nd7 20.Rfe1 Qh5 21.Bd4 e5
22.Bb2 f5 23.Qe2 Qh3 24.Qxb5 f4 25.Qd5+ Kh8 26.Qg2 Qh5 27.g4 Qh4 28.f3 Rf6
29.Rad1 Rg6 30.Kh1 Rg5 31.Re2 Nf6 32.Qf2 Qh3 33.Rde1 Nd7 34.Qg2 Qh4 35.Rd1 Nf6
36.a3 Nh5 37.Kg1 Nf6 38.h3 Nh5 39.b4 Ng3 40.Ree1 e4 41.Rxe4 Nxe4 42.fxe4 Be5
43.Bxe5 Rxe5 44.Rf1 g5 45.Rd1 Kg7 46.Rc1 Kf8 47.a4 Ke8 48.Qf3 Qh7 49.Rc4 Qd7
50.b5 Qd2 51.Kf1 Qa2 52.Qd3 Re7 53.Rd4 Qa1+ 54.Kf2 Kf7 55.Rd8 Qa2+ 56.Kf3 Kf6
57.Qd4+ Re5 58.Rd5 Qb3+ 59.Qd3 Qxd3+ 60.Rxd3 Rc5 61.Ra3 Ke5 62.Rd3 Kf6 63.h4 gxh4
64.Kxf4 Rc1 65.g5+ Kg6 66.Kg4 Rc4 67.Kf4 Rxa4 68.Rc3 h3 69.Rc6+ Kg7 70.Rxc7+ Kg6
71.Rc6+ Kg7 72.Rh6 Rb4 73.b6 h2 74.Rxh2 Rxb6 75.Ra2 Rb7 76.Ra6 Rf7+ 77.Kg4 Rf1
78.e5 Rg1+ 79.Kf5 Rf1+ 80.Ke6 Kg6 81.Ke7+ Kxg5 82.e6 Kg6 83.Ra2 Rd1 84.Rg2+ Kh7  1-0

[Event "TCh-CZE 2010-11"]
[Site "Czech Rep CZE"]
[Date "2010.12.05"]
[Round "4.6"]
[White "Rojicek,V"]
[Black "Sodoma,J"]
[Result "1-0"]
[WhiteElo "2422"]
[BlackElo "2348"]

1.d4 Nf6 2.c4 e6 3.Nf3 b6 4.Nc3 Bb4 5.Bg5 Bxc3+ 6.bxc3 d6 7.e3 Qe7 8.Nd2 Bb7
9.f3 e5 10.e4 h6 11.Be3 c5 12.Be2 Nc6 13.d5 Nb8 14.Bf2 Nh5 15.g3 Nd7 16.Qa4 Kd8
17.Nf1 g6 18.Ne3 Kc7 19.Bf1 Nhf6 20.Bh3 Nb8 21.Rb1 Bc8 22.Bg2 Bd7 23.Qb3 Qe8
24.O-O Ba4 25.Qa3 a6 26.f4 b5 27.fxe5 Qxe5 28.g4 Nxe4 29.Bxe4 Qxe4 30.Rbe1 Nd7
31.Bg3 Rae8 32.Rxf7 Re7 33.Rxe7 Qxe7 34.cxb5 axb5 35.Nc4  1-0

[Event "2nd Pilsen Open"]
[Site "Plzen CZE"]
[Date "2010.12.05"]
[Round "2"]
[White "Vojir,V sr"]
[Black "Haugk,F"]
[Result "0-1"]
[WhiteElo "1738"]
[BlackElo "1934"]

1.d4 Nf6 2.c4 e6 3.Nf3 b6 4.Nc3 Bb7 5.Qc2 Bb4 6.Bd2 O-O 7.a3 Bxc3 8.Bxc3 Ne4
9.Nd2 f5 10.Nf3 d6 11.Bd2 Nd7 12.g3 c5 13.Bg2 Qc8 14.Be3 Ndf6 15.h3 Nh5 16.O-O cxd4
17.Bxd4 e5 18.Be3 Nhf6 19.Rac1 Qe8 20.Qb3 Rc8 21.Rfd1 Kh8 22.Ng5 Qe7 23.Nxe4 Nxe4
24.Qb4 Rcd8 25.Qa4 Ra8 26.h4 h6 27.Qc2 Bc6 28.Kh2 Qf7 29.f3 Nxg3 30.Kxg3 f4+
31.Kf2 fxe3+ 32.Kg1 e4 33.Rf1 Qe7 34.Qc3 exf3 35.Bxf3 Bxf3 36.Rxf3 Rxf3 37.exf3 Re8
38.Qe1 Qf6 39.Kg2 Qxb2+ 40.Kh3 Qf6 41.Qe2 Qf5+ 42.Kg2 Re6 43.Rc3 Rg6+  0-1

[Event "48th ch-IND"]
[Site "New Delhi IND"]
[Date "2010.12.13"]
[Round "5"]
[White "Babu,NS"]
[Black "Arun Prasad,S"]
[Result "1/2-1/2"]
[WhiteElo "2318"]
[BlackElo "2519"]

1.d4 Nf6 2.c4 e6 3.Nf3 b6 4.Nc3 Bb4 5.Bd2 Bb7 6.a3 Bxc3 7.Bxc3 Ne4 8.Qd3 O-O
9.g3 Nxc3 10.Qxc3 c5 11.dxc5 bxc5 12.Bg2 a5 13.O-O Qe7 14.Rfd1 Rd8 15.e3 Be4
16.Qe5 f5 17.Rd6 Ra6 18.Rxa6 Nxa6 19.Qc3 Ra8 20.Qxa5 Nb4 21.Qc7 Nd3 22.Ne5 Bxg2
23.Kxg2 Nxe5 24.Qxe5 d6 25.Qc3 Qb7+ 26.Kg1 Rb8 27.Rd1 Qxb2 28.Qxb2 Rxb2 29.Rxd6 Rc2
30.Rxe6 Rxc4 31.Rc6 g6 32.Rc7 Ra4 33.Rxc5 Rxa3 34.Rc7 Ra1+ 35.Kg2 Ra4 36.Kf3 Rb4
37.h3 h5 38.h4 Kf8 39.Rd7 Ra4 40.Rd4 Ra2 41.Rd7 Ra4 42.Ke2 Ra2+ 43.Rd2 Ra3
44.Kf3 Ra4  1/2-1/2

[Event "48th ch-IND"]
[Site "New Delhi IND"]
[Date "2010.12.15"]
[Round "7"]
[White "Rajesh,VA"]
[Black "Sangma,R"]
[Result "0-1"]
[WhiteElo "2295"]
[BlackElo "2400"]

1.Nf3 Nf6 2.c4 e6 3.Nc3 b6 4.d4 Bb7 5.Bg5 h6 6.Bxf6 Qxf6 7.e3 g5 8.d5 Bb4
9.Rc1 Na6 10.Be2 Nc5 11.O-O Bxc3 12.Rxc3 e5 13.Nd2 a5 14.e4 O-O 15.Bh5 Qe7
16.Rh3 Kg7 17.Re1 f5 18.exf5 Rxf5 19.Nf1 Raf8 20.Re2 Rf4 21.Qc2 e4 22.Rhe3 c6
23.Rd2 cxd5 24.cxd5 Qe5 25.Qc3 Qxc3 26.Rxc3 Ba6 27.Ne3 Nd3 28.Rcc2 Ne5 29.Bd1 Kg6
30.Rc7 h5 31.b3 g4 32.Bc2 h4 33.d6 Bd3 34.Nd5 R4f7 35.Bxd3 Nxd3 36.Rcc2 g3
37.hxg3 hxg3 38.f3 Rh7 39.Ne7+ Kg5 40.Rc8 Rxc8 41.Nxc8 exf3 42.gxf3 Ne1 43.Re2 Nxf3+
44.Kf1 Kf4  0-1

[Event "I Jorge Duarte IM"]
[Site "Buenos Aires ARG"]
[Date "2010.12.16"]
[Round "6"]
[White "Varela,G"]
[Black "Stewart,William John"]
[Result "0-1"]
[WhiteElo "2389"]
[BlackElo "2219"]

1.c4 Nf6 2.Nf3 b6 3.d4 e6 4.Nc3 Bb4 5.e3 Bxc3+ 6.bxc3 d6 7.Bd3 Qe7 8.e4 c5
9.O-O e5 10.Nd2 g5 11.Re1 Rg8 12.Nf1 Nc6 13.dxc5 dxc5 14.Ne3 Na5 15.Nd5 Qd6
16.Bc2 Rg6 17.Ba4+ Kf8 18.Nf4 Qxd1 19.Nxg6+ hxg6 20.Bxd1 g4 21.Bg5 Nh7 22.Be3 Be6
23.Be2 Ke7 24.Rad1 f6 25.Rd2 Nf8 26.Red1 g5 27.Rd6 Rc8 28.g3 Nb7 29.R6d2 Nd7
30.Kg2 Nb8 31.f4 gxf3+ 32.Bxf3 g4 33.Be2 Nc6 34.Rf1 Nd6 35.Rxd6 Kxd6 36.Rxf6 Rg8
37.Rh6 Rg7 38.Rh8 Na5 39.Rh6 Kd7 40.Bc1 Bxc4 41.Bd1 Bd3 42.Rh5 Bxe4+ 43.Kg1 Ke6
44.Be2 Bf3 45.Bxf3 gxf3 46.Kf2 Rf7 47.h4 Nc4 48.Rh8 Nd6 49.Rh6+ Kd5 50.c4+ Nxc4
51.h5 Nd6 52.Rxd6+ Kxd6 53.g4 e4 54.g5 Ke6 55.g6 Rg7 56.Bb2 Rg8 57.h6 Rxg6
58.h7 Rg2+ 59.Ke3 Re2+  0-1

[Event "European Rapid Championship"]
[Site "Warsaw POL"]
[Date "2010.12.18"]
[Round "4"]
[White "Staniszewski,Pi"]
[Black "Lysyj,I"]
[Result "0-1"]
[WhiteElo "2407"]
[BlackElo "2627"]

1.d4 e6 2.c4 Nf6 3.Nf3 b6 4.Nc3 Bb7 5.a3 Ne4 6.Nxe4 Bxe4 7.e3 Be7 8.Bd3 Bxd3
9.Qxd3 d6 10.O-O O-O 11.e4 Nd7 12.Be3 Qc8 13.Rad1 Qb7 14.Rfe1 a5 15.d5 e5
16.Qb3 a4 17.Qb5 Nf6 18.Bg5 Ra5 19.Qb4 h6 20.Bh4 Re8 21.Bxf6 Bxf6 22.Nd2 Qa6
23.Re3 Bg5 24.Rc3 Bxd2 25.Rxd2 Rc5 26.Rdc2 Rb8 27.Rg3 Kf8 28.h4 Qa5 29.Rf3 h5
30.g3 g6 31.Kg2 Kg7 32.Qxa5 Rxa5 33.Kf1 Rc5 34.Rfc3 f5 35.f3 Rf8 36.Kg2 Ra5
37.Rf2 Raa8 38.Rcc2 Rae8 39.Rce2 f4 40.Kh3 fxg3 41.Kxg3 Rf4 42.Rg2 Ref8 43.Re3 Kh6
44.Rg1 g5 45.hxg5+ Kxg5 46.Kf2+ Kh6 47.Rg3 Rg4 48.Rxg4 hxg4 49.Kg3 Kg5 50.fxg4 Rf4
51.Re1 Rxg4+ 52.Kf3 Rh4 53.Rg1+ Kf6 54.Rg8 Rh3+ 55.Ke2 Rh2+ 56.Kd3 Rxb2 57.Rc8 Rb3+
58.Kc2 Ke7 59.Rxc7+ Kd8 60.Rc6 Kd7 61.Kd2 Rxa3 62.Rxb6 Rh3 63.Rb7+ Kc8 64.Rb6 Kc7
65.Rc6+ Kd7 66.c5 dxc5 67.Rxc5 a3 68.Rc6 a2 69.Ra6 Rh1 70.Rc6  0-1

[Event "European Rapid Championship"]
[Site "Warsaw POL"]
[Date "2010.12.19"]
[Round "9"]
[White "Swiercz,D"]
[Black "Jozwik,J"]
[Result "1-0"]
[WhiteElo "2522"]
[BlackElo "2050"]

1.Nf3 Nf6 2.c4 e6 3.Nc3 b6 4.d4 Bb7 5.e3 Be7 6.Bd3 c5 7.O-O O-O 8.d5 exd5
9.cxd5 Nxd5 10.Nxd5 Bxd5 11.Bxh7+ Kxh7 12.Qxd5 Na6 13.Qd3+  1-0

[Event "North American Open"]
[Site "Las Vegas USA"]
[Date "2010.12.29"]
[Round "6"]
[White "Stocek,J"]
[Black "Friedel,J"]
[Result "1-0"]
[WhiteElo "2567"]
[BlackElo "2505"]

1.d4 Nf6 2.c4 e6 3.Nf3 b6 4.Nc3 Bb4 5.Bg5 h6 6.Bh4 g5 7.Bg3 Ne4 8.Qb3 Bxc3+
9.bxc3 Bb7 10.e3 h5 11.h4 g4 12.Ne5 Nxg3 13.fxg3 Nc6 14.Nxc6 Bxc6 15.Qc2 d5
16.Bd3 Qd6 17.Qf2 dxc4 18.Bxc4 Be4 19.O-O f5 20.Bb5+ c6 21.Ba4 O-O-O 22.Rad1 Kb8
23.Kh2 Rhf8 24.Bc2 Bd5 25.Bd3 c5 26.a4 cxd4 27.cxd4 a5 28.Rb1 Ka7 29.Qd2 Bb7
30.Rb5 Bc6 31.Re5 Bd5 32.Rb1 Rc8 33.e4 fxe4 34.Bxe4 Bxe4 35.Rxe4 Rc4 36.Qe2 Rc3
37.Qe1 Rc2 38.Rxe6 Qd5 39.Re7+ Ka8 40.Re2 Rc6 41.Re5 Qxd4 42.Qe2 Kb8 43.Rxa5 Rf2
44.Qe8+ Rc8 45.Ra8+ Kxa8 46.Qxc8+ Ka7 47.Qc7+ Ka6 48.Qc6 Ka7 49.a5 Rb2 50.a6  1-0

[Event "9th Parsvnath Open"]
[Site "New Delhi IND"]
[Date "2011.01.08"]
[Round "2.30"]
[White "Karthikeyan,P2"]
[Black "Sagar,S"]
[Result "1/2-1/2"]
[WhiteElo "2380"]
[BlackElo "2318"]

1.d4 Nf6 2.c4 e6 3.Nf3 b6 4.Nc3 Bb7 5.Bg5 Be7 6.e3 Ne4 7.Bxe7 Qxe7 8.Qc2 f5
9.Bd3 Nxc3 10.Qxc3 c5 11.O-O-O O-O 12.Kb1 d6 13.Rhe1 Nc6 14.dxc5 bxc5 15.e4 fxe4
16.Bxe4 Nd8 17.Qd3 Bxe4 18.Rxe4 Nb7 19.h4 h6 20.Qe3 Rf6 21.Nh2 Re8 22.f4 Rff8
23.Nf3 Qf7 24.Re1 Qf5 25.Ka1 Rb8 26.Rxe6 Qxf4 27.Qc3 Qg3 28.h5 Rf7 29.Rg6 Qf2
30.b3 a5 31.a4 d5 32.cxd5 c4 33.Qd4 Qxd4+ 34.Nxd4 Nc5 35.Rc6 Nd3 36.Rd1 cxb3  1/2-1/2

[Event "ch-Antalya 2011"]
[Site "Antalya TUR"]
[Date "2011.01.16"]
[Round "7.8"]
[White "Ozdemir,M"]
[Black "Tahan,U"]
[Result "1-0"]
[WhiteElo "1752"]
[BlackElo "1720"]

1.d4 Nf6 2.c4 e6 3.Nf3 b6 4.Nc3 Bb7 5.Bg5 Be7 6.e3 O-O 7.Bd3 h6 8.Bh4 d5
9.Bxf6 Bxf6 10.cxd5 exd5 11.g4 Re8 12.h4 c5 13.g5 Bxd4 14.Qc2 h5 15.O-O-O Bxc3
16.bxc3 d4 17.Bh7+ Kf8 18.Rh3 Qe7 19.exd4 cxd4 20.Nxd4 Be4 21.Bxe4 Qxe4 22.Qd2 Na6
23.Re3 Qxh4 24.Nf5 Qg4 25.Qd6+ Kg8 26.Ne7+ Kh8 27.g6 f6 28.Rg3 Qe4 29.Rh3 Rxe7
30.Rxh5+ Kg8 31.Rh8+ Kxh8 32.Qh2+ Kg8 33.Qh7+ Kf8 34.Qh8+  1-0

[Event "B2 Masters"]
[Site "Marianske Lazne CZE"]
[Date "2011.01.17"]
[Round "3"]
[White "Plischki,S"]
[Black "Porat,Ma"]
[Result "0-1"]
[WhiteElo "2347"]
[BlackElo "2246"]

1.d4 Nf6 2.c4 e6 3.Nf3 b6 4.Nc3 Bb4 5.Bg5 Bb7 6.Nd2 h6 7.Bh4 O-O 8.e4 g5
9.Bg3 Bxc3 10.bxc3 Nxe4 11.Nxe4 Bxe4 12.h4 d6 13.Qh5 Qf6 14.hxg5 hxg5 15.f3 Bg6
16.Qh6 Nd7 17.Bf2 Bf5 18.Qh5 Kg7 19.Be3 Rh8 20.Bxg5 Rxh5 21.Bxf6+ Nxf6 22.Rxh5 Nxh5
23.g4 Bxg4 24.fxg4 Nf6 25.Be2 Rh8 26.Kd2 Rh2 27.a4 a5 28.Kd3 Rh3+ 29.Kc2 Re3
30.Bd3 Nxg4 31.c5 dxc5 32.dxc5 Nf2 33.cxb6 cxb6 34.Rg1+ Kf8 35.Bh7 f5 36.Rg8+ Kf7
37.Rb8 Ne4 38.Bg8+ Kf6 39.Rxb6 Nxc3 40.Kd2 Nxa4  0-1

[Event "3rd Chennai Open"]
[Site "Chennai IND"]
[Date "2011.01.21"]
[Round "5"]
[White "Vijayalakshmi,S"]
[Black "Sagar,S"]
[Result "0-1"]
[WhiteElo "2454"]
[BlackElo "2318"]

1.d4 Nf6 2.Nf3 e6 3.c4 b6 4.Nc3 Bb7 5.Bg5 Be7 6.e3 Ne4 7.Nxe4 Bxe4 8.Bf4 O-O
9.Nd2 Bb7 10.Bd3 d6 11.Qc2 f5 12.f3 Nd7 13.O-O-O Bg5 14.h4 Bxf4 15.exf4 Qf6
16.g4 Qxd4 17.gxf5 Nc5 18.Be4 Nxe4 19.Nxe4 Qe3+ 20.Kb1 exf5 21.Ng5 Rae8 22.c5 Qxc5
23.Qb3+ d5 24.Rhe1 Qd6 25.Nh3 a6 26.Rc1 Re7 27.Rxe7 Qxe7 28.Nf2 Qxh4 29.Nd3 Qe7
30.Ne5 Qd6 31.Rd1 Qe6 32.Rg1 c5 33.a4 Rd8 34.a5 b5 35.Qc3 Qe7 36.Qc2 d4 37.Qxf5 Rf8
38.Qh5 Qf6 39.Ka1 Qxf4 40.Nd7 Qf5  0-1

[Event "3rd Chennai Open"]
[Site "Chennai IND"]
[Date "2011.01.23"]
[Round "8"]
[White "Karthikeyan,P2"]
[Black "Kathmale,S"]
[Result "1/2-1/2"]
[WhiteElo "2380"]
[BlackElo "2217"]

1.d4 Nf6 2.c4 e6 3.Nf3 b6 4.Nc3 Bb7 5.Bg5 h6 6.Bh4 d6 7.Qc2 g5 8.Bg3 Nh5
9.d5 e5 10.e3 Nd7 11.Nd2 Bg7 12.Be2 Nf4 13.O-O-O Nxe2+ 14.Nxe2 b5 15.e4 bxc4
16.Nxc4 a5 17.f3 f5 18.Bf2 fxe4 19.fxe4 O-O 20.Ng3 Ba6 21.Nf5 Rxf5 22.exf5 Rb8
23.Nxa5 e4 24.Bd4 Bxd4 25.Rxd4 Qf6 26.Nc6 Bd3 27.Qc3 Rb5 28.b4 Kh7 29.g4 Rxd5
30.Kb2 Nb6 31.Kb3 Bb5 32.Rc1 Bxc6 33.Qxc6 Rxd4 34.Qxc7+ Qg7 35.Qxb6 Qf7+
36.Ka4 Qxa2+ 37.Kb5 Qd5+ 38.Ka4 Qa2+ 39.Kb5 Qd5+ 40.Ka4  1/2-1/2

[Event "Moscow Open E"]
[Site "Moscow RUS"]
[Date "2011.01.29"]
[Round "1"]
[White "Kuprijanov,A"]
[Black "Tiviakov,S"]
[Result "0-1"]
[WhiteElo "2069"]
[BlackElo "2623"]

1.d4 Nf6 2.c4 e6 3.Nf3 b6 4.Nc3 Bb7 5.a3 d5 6.Bg5 Be7 7.Qa4+ Qd7 8.Qb3 dxc4
9.Qxc4 O-O 10.e3 Rc8 11.Rd1 Qe8 12.Qb3 c5 13.Bb5 Qf8 14.O-O Nc6 15.Ne5 Na5
16.Qc2 c4 17.Qe2 Nd5 18.Nxd5 exd5 19.Bxe7 Qxe7 20.f3 f6 21.Ng4 a6 22.Ba4 c3
23.Rd3 b5 24.Bd1 cxb2 25.Qxb2 Nc4 26.Qa2 a5 27.Re1 b4 28.a4 Kh8 29.e4 dxe4
30.fxe4 f5 31.Nf2 fxe4 32.Nxe4 Bxe4 33.Bf3 Nd6 34.Bxe4 Nxe4 35.Qe2 b3 36.Re3 Re8
37.Rxe4 Qxe4 38.Qxe4 Rxe4 39.Rxe4 b2 40.Re1 Rc8 41.Kf2 Kg8 42.Rb1 Rc2+ 43.Kf3 Kf7
44.g3 Ke6 45.Ke4 Rxh2 46.Kd3 Kd5 47.Re1 Kd6 48.Kc3 h5 49.Kb3 Kd5 50.Kc3 Re2
51.Rf1 g6 52.Kb3 Rg2 53.Ka2 Rxg3 54.Kxb2 h4 55.Rf8 h3 56.Rd8+ Kc4 57.d5 h2
58.Rh8 Rg2+ 59.Ka3 Kxd5 60.Rd8+ Ke4 61.Re8+ Kf3 62.Rh8 Kg4  0-1

[Event "ch-TUR"]
[Site "Kemer-Antalya TUR"]
[Date "2011.02.10"]
[Round "7"]
[White "Yapici,K"]
[Black "Ersoz,Celalettin"]
[Result "1-0"]
[WhiteElo "1905"]
[BlackElo "1629"]

1.d4 Nf6 2.Nf3 e6 3.c4 b6 4.Nc3 Bb7 5.Bg5 Be7 6.Qc2 c5 7.e4 cxd4 8.Nxd4 a6
9.Bd3 d6 10.O-O Nbd7 11.f3 O-O 12.Be3 Qc7 13.Qf2 Rac8 14.Kh1 Qb8 15.b3 Bd8
16.Rac1 Re8 17.g4 Nf8 18.g5 Nh5 19.Nde2 Ba8 20.Qh4 g6 21.Ng3 Nxg3+ 22.hxg3 Bc7
23.Kg2 d5 24.Bd4 e5 25.Bf2 d4 26.Nd5 Bxd5 27.exd5 Bd6 28.Qg4 b5 29.Rh1 bxc4
30.Bxc4 a5 31.Rh6 Rc7 32.Rch1 Qd8 33.Qh4 f5 34.gxf6 Rf7 35.Bb5 Qb8 36.Bd3 Qd8
37.Bxg6 Rxf6 38.Bxe8 Be7 39.Rxf6 Bxf6 40.Qg4+ Kh8 41.Bf7 Bg7 42.Rc1 Qe7 43.Be6  1-0

[Event "ch-TUR"]
[Site "Kemer-Antalya TUR"]
[Date "2011.02.12"]
[Round "9"]
[White "Capan,Ferman"]
[Black "Demircin,K"]
[Result "1-0"]
[WhiteElo "1972"]
[BlackElo "1833"]

1.d4 Nf6 2.c4 e6 3.Nf3 b6 4.Nc3 Bb4 5.Bg5 Bb7 6.e3 h6 7.Bh4 g5 8.Bg3 Ne4
9.Qc2 d6 10.Nd2 Nxd2 11.Qxd2 Nd7 12.a3 Bxc3 13.Qxc3 Qe7 14.f3 O-O-O 15.b4 e5
16.d5 e4 17.f4 gxf4 18.Bxf4 f6 19.a4 Ne5 20.a5 Rhg8 21.axb6 axb6 22.Ra2 f5
23.Rf2 Qf6 24.Qd4 Rge8 25.Bxe5 dxe5 26.Qxe4 Qd6 27.Qxf5+ Kb8 28.Qb1 Rf8 29.Rxf8 Rxf8
30.Be2 b5 31.e4 bxc4 32.Bxc4 Qb6 33.Rf1 Qe3+ 34.Be2 Qc3+ 35.Kd1 Qd4+ 36.Ke1 Qc3+
37.Kd1 Rd8 38.Qd3 Qxb4 39.Rf5 Bc6 40.Kc1 Qc5+ 41.Qc2 Qg1+ 42.Rf1 Qe3+ 43.Kb1 Bxd5
44.exd5 Rd6 45.Rf3 Rb6+ 46.Ka2 Qd4 47.Bc4 Kc8 48.Ra3 Rf6 49.Rf3 Rb6 50.Rd3 Qc5
51.Qc3 Kb8 52.Bb3 Ra6+ 53.Kb2 Qa3+ 54.Kc2 Rf6 55.Rf3 Rb6 56.Qxe5 Qc5+ 57.Qc3 Qg1
58.Qd2 Qxh2 59.Rf8+ Kb7 60.Ba4 Ka6 61.Qe2+ Ka5 62.Ra8+ Kb4 63.Qe4+ Kc5 64.Ra5+  1-0

[Event "ch-ROU Men"]
[Site "Sarata Monteoru ROU"]
[Date "2011.02.14"]
[Round "4.24"]
[White "Florescu,C"]
[Black "Telea,S"]
[Result "1-0"]
[WhiteElo "2226"]
[BlackElo "2095"]

1.d4 Nf6 2.c4 e6 3.Nf3 b6 4.Nc3 Bb7 5.a3 Ne4 6.Nxe4 Bxe4 7.Nd2 Bb7 8.e3 Be7
9.Bd3 O-O 10.O-O c5 11.d5 f5 12.e4 f4 13.Nf3 Qc7 14.g3 fxg3 15.hxg3 e5 16.Kg2 d6
17.Rh1 Nd7 18.Nh4 Nf6 19.Nf5 g6 20.Nh6+ Kh8 21.Be3 Qd7 22.Rh2 Ng8 23.Be2 Bc8
24.Bg4 Qe8 25.Be6 Nf6 26.Qf3 Bd8 27.Rah1 Bxe6 28.dxe6 Qxe6 29.g4 Be7 30.g5 Nh5
31.Nf5 Rf7 32.b3 Raf8 33.Rxh5 gxh5 34.Qxh5 Bd8 35.g6 Rg8 36.Qxh7+  1-0

[Event "ch-ROU Men"]
[Site "Sarata Monteoru ROU"]
[Date "2011.02.14"]
[Round "4.26"]
[White "Varlan,HI"]
[Black "Martian,D"]
[Result "1-0"]
[WhiteElo "2203"]
[BlackElo "1990"]

1.d4 Nf6 2.Nf3 e6 3.c4 b6 4.Nc3 Bb7 5.e3 Be7 6.Bd3 c5 7.O-O O-O 8.a3 d6 9.Qe2 Nbd7
10.Rd1 a6 11.Rb1 Qc7 12.b4 Rab8 13.Bd2 Rfe8 14.Be1 Bf8 15.dxc5 dxc5 16.b5 a5
17.Ng5 Bd6 18.h3 Ne5 19.Bc2 Rbd8 20.Nce4 Be7 21.Nxf6+ Bxf6 22.Nxh7 Be7 23.Qh5 g6
24.Qh6 Rxd1 25.Rxd1 Rd8 26.Ng5 Bxg5 27.Qxg5 Rxd1 28.Bxd1 Nxc4 29.Bc3 Qd6
30.Be2 Qd5 31.Qg3 Bc8 32.Qf4 Nd6 33.Qf6 Kf8 34.Qh8+ Ke7 35.Bf6+  1-0

[Event "ch-ROU Men"]
[Site "Sarata Monteoru ROU"]
[Date "2011.02.19"]
[Round "10.26"]
[White "Varlan,HI"]
[Black "Luca,Ionel"]
[Result "1/2-1/2"]
[WhiteElo "2203"]
[BlackElo "2160"]

1.d4 Nf6 2.Nf3 e6 3.c4 b6 4.Nc3 Bb7 5.a3 Be7 6.e3 d6 7.Bd3 Nbd7 8.O-O O-O
9.b4 c5 10.Rb1 cxd4 11.exd4 Rc8 12.Bb2 Qc7 13.Re1 Rfe8 14.Nd2 Qb8 15.a4 Qa8  1/2-1/2

[Event "e2e4.org.uk Brighton Masters B"]
[Site "Brighton ENG"]
[Date "2011.02.25"]
[Round "4"]
[White "Gormally,D"]
[Black "Haydon,D"]
[Result "1-0"]
[WhiteElo "2484"]
[BlackElo "2247"]

1.d4 e6 2.Nf3 Nf6 3.c4 b6 4.Nc3 Bb4 5.Bg5 Bb7 6.Nd2 Bxc3 7.bxc3 d6 8.f3 Nbd7
9.e4 e5 10.Bd3 O-O 11.Nf1 exd4 12.cxd4 c5 13.d5 Ne5 14.Ne3 Re8 15.O-O Bc8
16.f4 Nxd3 17.Qxd3 Qe7 18.e5 dxe5 19.d6 Qe6 20.f5 Qd7 21.Bxf6 gxf6 22.Ng4 Kg7
23.Qd2 Kh8 24.Nxf6  1-0

[Event "TCh-SUI 2011"]
[Site "Switzerland SUI"]
[Date "2011.02.27"]
[Round "1.8"]
[White "Huss,A"]
[Black "Toth,Be1"]
[Result "1-0"]
[WhiteElo "2303"]
[BlackElo "2347"]

1.d4 Nf6 2.c4 e6 3.Nf3 b6 4.Nc3 Bb4 5.Qc2 Bb7 6.a3 Bxc3+ 7.Qxc3 O-O 8.e3 d6
9.Bd3 Ne4 10.Qc2 f5 11.b4 Nd7 12.Bb2 Ndf6 13.O-O Qe7 14.Nd2 e5 15.dxe5 dxe5
16.Rad1 a5 17.c5 axb4 18.c6 Bc8 19.axb4 Nxd2 20.Rxd2 e4 21.Bc4+ Be6 22.Rfd1 Bxc4
23.Qxc4+ Qf7 24.Qc3 Rfe8 25.h3 h6 26.b5 Kh7 27.Qb4 Re7 28.Bc3 Kg6 29.Qb2 Ne8
30.Bb4 Re6 31.Rd7 Qf6 32.Bc3 Qf8 33.Qb3 Rd6 34.R1xd6+ cxd6 35.Qe6+ Nf6 36.g4 fxg4
37.hxg4 Kg5 38.Qf5+ Kh4 39.Bxf6+ Qxf6 40.Qh5+  1-0

[Event "Brunei IM1 2011"]
[Site "Bandar Seri Begawan BRU"]
[Date "2011.03.01"]
[Round "5"]
[White "Abidin,Z"]
[Black "Nguyen Anh Dung"]
[Result "0-1"]
[WhiteElo "2179"]
[BlackElo "2508"]

1.d4 Nf6 2.c4 e6 3.Nf3 b6 4.Nc3 Bb7 5.e3 d5 6.cxd5 exd5 7.a3 Nbd7 8.Bd3 Bd6
9.O-O O-O 10.Bd2 a6 11.Qc2 Qe7 12.Ne1 c5 13.Nf3 Rac8 14.Rad1 Ne4 15.Qb1 Ndf6
16.Bc1 Rfe8 17.Qa2 h6 18.Bb1 c4 19.Nd2 Ng4 20.Ndxe4 Bxh2+ 21.Kh1 Qh4  0-1